000 00706nam a2200169Ia 4500
008 090711s9999 xx 000 0 und d
082 _b53820
100 _aरघुवंशी रमेश वि. (प्रका.)
245 _aअलौकिक इSछाशक्ती कशी वाढवावी
260 _c1986
300 _a64
600 _aरघुवंशी रमेश वि. (प्रका.)
630 _aअलौकिक इSछाशक्ती कशी वाढवावी
700 _aरघुवंशी रमेश वि. (प्रका.)
730 _aअलौकिक इSछाशक्ती कशी वाढवावी
942 _cBOOK
999 _c284623
_d284623